Wszyscy Rekordziści Świata w długości lotu w skokach - Statystyki

Ogólne statystyki
  • Ten quiz został rozwiązany 51 razy
  • Średni wynik to 22 z 108
Statystyki odpowiedzi
data rekordu miasto kraj odległość rekordzista % Poprawnych
18.03.2017 Vikersund Austria 253,5 m Stefan Kraft
96%
20.03.2003 Planica Polska 225 m Adam Małysz
87%
14.02.2015 Vikersund Słowenia 250 m Peter Prevc
82%
18.03.2017 Vikersund Norwegia 252 m Robert Johansson
69%
15.02.2015 Vikersund Norwegia 251,5 m Anders Fannemel
67%
20.03.2005 Planica Norwegia 234,5 m Bjørn Einar Romøren
67%
20.03.2005 Planica Norwegia 239 m Bjørn Einar Romøren
67%
20.03.2003 Planica Finlandia 227,5 m Matti Hautamäki
60%
22.03.2003 Planica Finlandia 228,5 m Matti Hautamäki
60%
23.03.2003 Planica Finlandia 231 m Matti Hautamäki
60%
20.03.2005 Planica Finlandia 235,5 m Matti Hautamäki
60%
18.03.2000 Planica Austria 225 m Andreas Goldberger
58%
14.03.1987 Planica Polska 194 m Piotr Fijas
58%
11.02.2011 Vikersund Norwegia 243 m Johan Remen Evensen
53%
11.02.2011 Vikersund Norwegia 246,5 m Johan Remen Evensen
53%
19.03.1999 Planica Niemcy 214,5 m Martin Schmitt
51%
16.03.1984 Oberstdorf Finlandia 182 m Matti Nykänen
51%
16.03.1984 Oberstdorf Finlandia 182 m Matti Nykänen
51%
17.03.1984 Oberstdorf Finlandia 185 m Matti Nykänen
51%
15.03.1985 Planica Finlandia 187 m Matti Nykänen
51%
16.03.1985 Planica Finlandia 191 m Matti Nykänen
51%
18.03.1994 Planica Norwegia 209 m Espen Bredesen
40%
22.03.1997 Planica Norwegia 210 m Espen Bredesen
40%
20.03.1999 Planica Norwegia 219,5 m Tommy Ingebrigtsen
33%
20.03.2005 Planica Norwegia 231 m Tommy Ingebrigtsen
33%
17.03.1994 Planica Finlandia 203 m Toni Nieminen
33%
15.03.1935 Planica Polska 95 m Stanisław Marusarz
31%
18.01.1931 Odnes Norwegia 76,5 m Birger Ruud
27%
25.03.1934 Planica Norwegia 92 m Birger Ruud
27%
24.02.1931 Davos Norwegia 81,5 m Sigmund Ruud
27%
19.02.1933 Villars Norwegia 84 m Sigmund Ruud
27%
21.02.1933 Villars Norwegia 86 m Sigmund Ruud
27%
08.03.1986 Tauplitz Austria 191 m Andreas Felder
24%
27.03.1980 Harrachov Austria 176 m Armin Kogler
24%
26.02.1981 Oberstdorf Austria 180 m Armin Kogler
24%
12.03.1966 Vikersund Norwegia 145,5 m Bjørn Wirkola
24%
13.03.1966 Vikersund Norwegia 146 m Bjørn Wirkola
24%
21.03.1969 Planica Norwegia 156 m Bjørn Wirkola
24%
22.03.1969 Planica Norwegia 160 m Bjørn Wirkola
24%
21.03.1969 Planica Czechy 156 m Jiří Raška
20%
22.03.1969 Planica Czechy 164 m Jiří Raška
20%
17.03.1994 Planica Austria 197 m Martin Höllwarth
20%
18.03.1983 Harrachov Czechy 181 m Pavel Ploc
20%
16.03.2000 Planica Austria 224,5 m Thomas Hörl
20%
05.03.1976 Oberstdorf Austria 174 m Toni Innauer
18%
07.03.1976 Oberstdorf Austria 176 m Toni Innauer
18%
22.03.1997 Planica Norwegia 212 m Lasse Ottesen
16%
15.03.1936 Planica Austria 101,5 m Josef Bradl
11%
15.03.1938 Planica Austria 107 m Josef Bradl
11%
15.03.1974 Planica Szwajcaria 169 m Walter Steiner
11%
18.02.1912 Geithus Norwegia 47 m Gunnar Andersen
9%
14.03.1935 Planica Norwegia 93 m Reidar Andersen
9%
15.03.1935 Planica Norwegia 98 m Reidar Andersen
9%
15.03.1935 Planica Norwegia 99 m Reidar Andersen
9%
21.02.1909 Bardonecchia Norwegia 43 m Harald Smith
7%
28.02.1909 Davos Norwegia 45 m Harald Smith
7%
10.02.1967 Oberstdorf Norwegia 147 m Lars Grini
7%
11.02.1967 Oberstdorf Norwegia 150 m Lars Grini
7%
23.03.1969 Planica Niemcy 165 m Manfred Wolf
7%
15.03.1985 Planica USA 186 m Mike Holland
7%
22.11.1808 Eidsberg Norwegia 9,4 m Olaf Rye
7%
04.03.1976 Oberstdorf Norwegia 173 m Geir Ove Berg
4%
15.02.1964 Oberstdorf Szwecja 141 m Kjell Sjöberg
4%
10.02.1967 Oberstdorf Szwecja 148 m Kjell Sjöberg
4%
16.03.1979 Planica Niemcy 176 m Klaus Ostwald
4%
05.02.1899 Baerum Norwegia 32,5 m Morten Hansen
4%
12.03.1967 Vikersund Austria 154 m Reinhold Bachler
4%
08.03.1868 Brukenberg Norwegia 19,5 m Sondre Norheim
4%
12.01.1930 Pontresina Szwajcaria 75 m Adolf Badrutt
2%
07.02.1915 Mjondalen Norwegia 54 m Ambie Omundsen
2%
18.02.1911 Ironwood USA 46,3 m Anders Haugen
2%
09.03.1919 Dillon USA 64,9 m Anders Haugen
2%
29.02.1920 Dillon USA 65,2 m Anders Haugen
2%
03.03.1950 Oberstdorf Szwajcaria 130 m Andreas Däscher
2%
05.02.1899 Baerum Norwegia 32,5 m Asbjørn Nilssen
2%
15.03.1933 Revelstoke Kanada 87,5 m Bob Lymburne
2%
15.02.1964 Oberstdorf Czechy 142 m Dalibor Motejlek
2%
03.03.1950 Oberstdorf Szwecja 135 m Dan Netzell
2%
17.03.1935 Ponte di Legno Szwajcaria 99,5 m Fritz Kainersdorfer
2%
15.03.1948 Planica Szwajcaria 120 m Fritz Tschannen
2%
09.03.1973 Oberstdorf Niemcy 169 m Heinz Wosipiwo
2%
02.03.1917 Steamboat Springs USA 61,9 m Henry Hall
2%
09.02.1921 Revelstoke USA 69,8 m Henry Hall
2%
26.02.1933 Villars Szwajcaria 87 m Henry Ruchet
2%
02.03.1950 Oberstdorf Niemcy 127 m Josef Weiler
2%
24.02.1961 Oberstdorf Słowenia 141 m Jože Šlibar
2%
09.03.1891 Red Wing Norwegia 31,1 m Mikkjel Hemmestveit
2%
04.02.1925 Revelstoke Kanada 73,1 m Nels Nelsen
2%
16.02.1964 Oberstdorf Włochy 144 m Nilo Zandanel
2%
09.03, 1902 Geithus Norwegia 38 m Nils Gjestvang
2%
09.03.1902 Geithus Norwegia 41 m Nils Gjestvang
2%
24.02.1886 Seljord Norwegia 25,5 m Olaf Bergland
2%
11.02.1900 Baerum Norwegia 35,5 m Olaf Tandberg
2%
24.01.1909 Chippewa Falls Norwegia 42,1 m Oscar Gundersen
2%
01.03.1962 Tauplitz Niemcy 141 m Peter Lesser
2%
21.03.1965 Tauplitz Niemcy 145,5 m Peter Lesser
2%
16.02.1913 Ironwood USA 51,5 m Ragnar Omtvedt
2%
18.02.1916 Steamboat Springs USA 58,5 m Ragnar Omtvedt
2%
02.03.1941 Planica Niemcy 108 m Rudi Gering
2%
02.03.1941 Planica Niemcy 118 m Rudi Gering
2%
11.02.1902 Geithus Norwegia 35,5 m Sigurd Brunæs
2%
25.01.1897 Morgedal Norwegia 31,5 m Svein Sollid
2%
02.03.1951 Oberstdorf Finlandia 139 m Tauno Luiro
2%
15.01.1893 Red Wing Norwegia 31,4 m Torjus Hemmestveit
2%
28.02.1950 Oberstdorf Austria 124 m Willi Gantschnigg
2%
05.03.1976 Oberstdorf Niemcy 174 m Falko Weißpflog
0%
12.02.1879 Oslo Norwegia 20,7 m Olav Haugann
0%
1881 rok Oslo Norwegia 22 m Sweinung Svalastoga
0%
Nie znaleziono quizów pasujących do podanych kryteriów
Rozkład punktacji
Procent ludzi z każdym wynikiem
Percentyl według liczby udzielonych odpowiedzi
Twoja historia wyników
Nie rozwiązałeś tego quizu